| 000 | 00547nam a22001937a 4500 | ||
|---|---|---|---|
| 003 | NUST | ||
| 005 | 20230320122838.0 | ||
| 008 | 190719b ||||| |||| 00| 0 eng d | ||
| 038 | _aMr. Noman | ||
| 082 | _a658 | ||
| 100 |
_aImtiaz, Subha _918163 |
||
| 245 |
_aEvolution of strategic HR and its effectiveness in Pakistan Tobacco Company _cSubha Imtiaz. |
||
| 260 |
_aIslamabad: _bNBS - NUST, _c2014. |
||
| 300 |
_aill. ; _c30cm. |
||
| 500 | _aHardcover. | ||
| 650 |
_aMBA Thesis. _917629 |
||
| 700 |
_aDr. Naukhez. _918164 |
||
| 942 |
_2ddc _cTHE |
||
| 999 |
_c527074 _d527074 |
||